Commerce and conquest in East Africa, (Record no. 4036)

MARC details
000 -LEADER
fixed length control field 00802cam a22002411 4500
001 - CONTROL NUMBER
control field 8369164
003 - CONTROL NUMBER IDENTIFIER
control field OSt
005 - DATE AND TIME OF LATEST TRANSACTION
control field 20240305131629.0
008 - FIXED-LENGTH DATA ELEMENTS--GENERAL INFORMATION
fixed length control field 751023s1950 mau 001 0 eng c
010 ## - LIBRARY OF CONGRESS CONTROL NUMBER
LC control number a 51009067
035 ## - SYSTEM CONTROL NUMBER
System control number (OCoLC)1728890
040 ## - CATALOGING SOURCE
Original cataloging agency Wisconsin. Univ. Libr.
Transcribing agency NSyU
Modifying agency DLC
050 00 - LIBRARY OF CONGRESS CALL NUMBER
Classification number DT365
Item number .B785
100 1# - MAIN ENTRY--PERSONAL NAME
Personal name Brady, Cyrus Townsend,
Dates associated with a name 1887-
245 10 - TITLE STATEMENT
Title Commerce and conquest in East Africa,
Remainder of title with particular reference to the Salem trade with Zanzibar.
260 ## - PUBLICATION, DISTRIBUTION, ETC. (IMPRINT)
Place of publication, distribution, etc. Salem,
Name of publisher, distributor, etc. Essex Institute,
Date of publication, distribution, etc. 1950.
300 ## - PHYSICAL DESCRIPTION
Extent xxi, 245 p.
Other physical details illus., ports., col. map (on lining papers)
Dimensions 22 cm.
504 ## - BIBLIOGRAPHY, ETC. NOTE
Bibliography, etc Bibliography: p. 224-234.
651 #0 - SUBJECT ADDED ENTRY--GEOGRAPHIC NAME
Geographic name Africa, East
General subdivision History.
651 #0 - SUBJECT ADDED ENTRY--GEOGRAPHIC NAME
Geographic name Africa, East
General subdivision Commerce.
906 ## - LOCAL DATA ELEMENT F, LDF (RLIN)
a 7
b cbc
c oclcrpl
d u
e ncip
f 19
g y-gencatlg
942 ## - ADDED ENTRY ELEMENTS (KOHA)
Source of classification or shelving scheme Dewey Decimal Classification
Koha item type Books
Holdings
Withdrawn status Lost status Source of classification or shelving scheme Damaged status Not for loan Home library Current library Date acquired Total Checkouts Date last seen Price effective from Koha item type
    Dewey Decimal Classification     County Hall Archives County Hall Archives 03/05/2024   03/05/2024 03/05/2024 Books
LIBRARY OPENING HOURS

When the Parliament is sitting: 8.00a.m - 7.00p.m or until the house adjourns
Mondays and Fridays and when the House is on Recess:  8.00a.m - 5.00p.m
Closed on Weekends and Public Holidays

Online Public Access Catalog (OPAC)
Website: http://www.parliament.go.ke
Bunge Library: https://libraryir.parliament.go.ke
Contact: library@parliament.go.ke | Tel no: (254-2)2221291 or 2848000 Ext 5043